000 00257nam a22001217a 4500
082 _a823
_bBAL/C
100 _aBALLANTYNE, R M
245 _aTHE CORAL ISLAND
260 _aDELHI
_bS CHAND & CO
300 _a122
650 _aENGLISH STORY
_zINDIA
942 _cBK
999 _c7275
_d7275